Normal view
MARC view
Entry Nombre personal
001 - NÚMERO DE CONTROL
- campo de control: 132793
003 - IDENTIFICADOR DE NÚMERO DE CONTROL
- campo de control: OSt
005 - FECHA Y HORA DE LA ÚLTIMA TRANSACCIÓN
- campo de control: 20250928114842.0
008 - ELEMENTOS DE DATO DE LONGITUD-FIJA
- campo de control de longitud fija: 080222 b azznnaaan n bnc d
040 ## - FUENTE DE CATALOGACIÓN
- Centro catalogador/agencia de origen: OSt
- Centro/agencia transcriptor: OSt
100 1# - ENCABEZAMIENTO-NOMBRE DE PERSONA
- Nombre de persona: Solano de la Matalinares, José,
- Títulos y otros términos asociados al nombre: Marqués del Socorro,
- Fechas asociadas al nombre: 1802-1882
400 01 - TRAZADO DE VÉASE--NOMBRE DE PERSONA
- Nombre de persona: Socorro
- Títulos y otros términos asociados al nombre: Marqués del
